000 00688nam a2200289Ia 4500
005 20260324141017.0
008 008 260324s9999 xx 000 0 eng d
020 _a9780203001578
037 _aEBOOK
040 _aCRL
040 _beng
040 _cCRL
041 _2eng
041 _aeng
084 _qCRL
100 _aKate Liepmann
_91206575
245 4 _aThe Journey to Work
245 0 _bIts Significance for Industrial and Community Life
260 _bTaylor and Francis
260 _c1998
365 _a
365 _b300
856 _uhttp://www.taylorfrancis.com/books/9780203001578
942 _cEBOOK
999 _c1809223
_d1809223